000
00274nam a2200109Ia 4500
008
190914s9999||||xx |||||||||||||| ||und||
100
_a
Andrew Campbell
245
0
_a
Core Competency based Strategy
260
_a
New Jersey
_b
Prentice Hall
_c
2001
300
_a
606
942
_c
BK
999
_c
9380
_d
9380